| 000 | 01313pam a2200397 i 4500 | ||
|---|---|---|---|
| 001 | data | ||
| 005 | 20260322212103.0 | ||
| 008 | data | ||
| 035 | _a1355352 | ||
| 906 |
_a7 _bcbc _corignew _du _eocip _f19 _gy-gencatlg |
||
| 010 | _a 80026624 | ||
| 020 | _a0521236177 | ||
| 020 |
_a0521280745 _qpbk. |
||
| 020 | _a9780521236171 | ||
| 020 |
_a9780521280747 _q(pbk.) |
||
| 035 | _9(DLC) 80026624 | ||
| 040 |
_aDLC _cDLC _dDLC |
||
| 050 | 0 | 0 |
_aRM300 _b.B456 |
| 060 | _aQV 4 B477e | ||
| 082 | 0 | 0 |
_a615/.1 _219 |
| 100 | 1 | _aBentley, P. J. | |
| 245 | 1 | 0 |
_aElements of pharmacology : _ba primer on drug action / _cP. J. Bentley. |
| 260 |
_aNew York : _aNew York : _bCambridge University Press, _c1981. |
||
| 300 |
_aix, 154 p. : _bill. ; _c24 cm. |
||
| 336 |
_atext _btxt _2rdacontent |
||
| 337 |
_aunmediated _bn _2rdamedia |
||
| 338 |
_avolume _bnc _2rdacarrier |
||
| 500 | _aIncludes index. | ||
| 504 | _aBibliography: p. 140-144. | ||
| 650 | 0 | _aPharmacology. | |
| 650 | 2 | _aPharmacology. | |
| 856 | 4 | 2 |
_3Publisher description _uhttp://www.loc.gov/catdir/description/cam022/80026624.html |
| 856 | 4 | 1 |
_3Table of contents _uhttp://www.loc.gov/catdir/toc/cam029/80026624.html |
| 991 |
_bc-GenColl _hRM300 _i.B456 _p00025915136 _tCopy 1 _wBOOKS |
||
| 999 |
_c1489 _d1489 |
||